000 00824nam a2200265Ia 4500
003 OSt
005 20220918223813.0
006 a|||||r|||| 00| 0
007 ta
008 220917b |||||||| |||| 00| 0 eng d
024 _a225,204
037 _cTextual
040 _aARTS
_cARTS
_beng
041 _2eng
_aeng
082 _aO111:g(Y:1.3), P5
100 _aBolla Peter de Ed.
_9146683
245 0 _aLand, nation and culture, 1740 -1840
_b Thinking the republic of taste
260 _aNew York
_bPalgrave Macmillan
_c2005
300 _axii, 246p.
_ccm.
650 _aENGLISH LITERATURE
700 _a Leask Nigel Ed.
_9146684
700 _a Simpson David Ed.
_9146685
942 _hO111:g(Y:1.3), P5
_cTEXL
_2CC
999 _c279503
_d279503